[Event "XVI Festival Conca della Presolana A"]
[Site "Bratto - Castione della Presolana ITA"]
[Date "1996.08.22"]
[Round "1"]
[White "Belakovskaia, Anjelina"]
[Black "Sgnaolin, Davide"]
[Result "1-0"]
[WhiteElo "2350"]
[BlackElo "2080"]
[PlyCount "63"]
[EventDate "1996.08.22"]

1. d4 d5 2. c4 e6 3. Nf3 c5 4. e3 Nf6 5. Nbd2 Nc6 6. a3 cxd4 7. exd4 Be7 8. c5
O-O 9. b4 Qc7 10. Bb2 a6 11. Bd3 g6 12. O-O Nd7 13. Qe2 Bf6 14. Rfe1 Re8 15.
Ne5 Ndxe5 16. dxe5 Bg7 17. Nf3 Qe7 18. Bc3 Bd7 19. Qb2 Rad8 20. a4 Nb8 21. h3
Rf8 22. b5 f6 23. exf6 Bxf6 24. Bxf6 Qxf6 25. Qxf6 Rxf6 26. Ne5 axb5 27. axb5
Rdf8 28. Ra8 Rf4 29. Rxb8 Rxb8 30. Nxd7 Rd8 31. c6 bxc6 32. bxc6 1-0

[Event "XVI Festival Conca della Presolana A"]
[Site "Bratto - Castione della Presolana ITA"]
[Date "1996.08.22"]
[Round "1"]
[White "Campini, Marco"]
[Black "Rizzuti, Pasquale"]
[Result "1-0"]
[WhiteElo "2123"]
[BlackElo "1774"]
[PlyCount "77"]
[EventDate "1996.08.22"]

1. e4 c5 2. Nf3 e6 3. d4 cxd4 4. Nxd4 Nf6 5. Bd3 a6 6. O-O Nc6 7. Nxc6 bxc6 8.
Qe2 Be7 9. e5 Nd5 10. c4 Nb4 11. Be4 a5 12. Nc3 f5 13. exf6 Bxf6 14. a3 d5 15.
axb4 dxe4 16. Nxe4 O-O 17. Be3 a4 18. Bc5 Be7 19. Rfd1 Qe8 20. Rd3 Bxc5 21.
Nxc5 Ra7 22. Rxa4 Re7 23. Ne4 c5 24. Nxc5 e5 25. Ra1 e4 26. Re3 Rf4 27. Ra8 Qc6
28. Rb8 h6 29. Nxe4 Qc7 30. Rxc8+ Qxc8 31. Nf6+ Rxf6 32. Rxe7 Kf8 33. Ra7 Qd8
34. Qg4 Rf7 35. Rxf7+ Kxf7 36. Qf5+ Ke7 37. Qe5+ Kf8 38. g3 g5 39. Qh8+ 1-0

[Event "XVI Festival Conca della Presolana A"]
[Site "Bratto - Castione della Presolana ITA"]
[Date "1996.08.22"]
[Round "1"]
[White "Ciolac, Gheorghe"]
[Black "Rossi, Giampiero"]
[Result "0-1"]
[WhiteElo "2405"]
[BlackElo "2105"]
[PlyCount "104"]
[EventDate "1996.08.22"]

1. e4 c5 2. Ne2 e6 3. Nbc3 a6 4. g3 Nc6 5. Bg2 d6 6. O-O Nge7 7. a3 g6 8. d4
cxd4 9. Nxd4 Bg7 10. Nb3 O-O 11. Bf4 Ne5 12. Qc1 N7c6 13. Bh6 Bxh6 14. Qxh6 f6
15. Rad1 Qc7 16. Qd2 Nc4 17. Qc1 b5 18. Nd2 N4e5 19. Ne2 Bd7 20. Nf3 Nxf3+ 21.
Bxf3 Ne5 22. Bg2 Rac8 23. c3 Nf7 24. Nd4 e5 25. Nc2 Be6 26. Ne3 Kg7 27. Nd5 Qa7
28. Qd2 Bxd5 29. Qxd5 Rc5 30. Qe6 Qc7 31. h4 a5 32. Bh3 Rb8 33. f4 Qd8 34. f5
g5 35. Bg4 gxh4 36. Bh5 Ng5 37. Qb3 hxg3 38. Rd3 Qb6 39. Kg2 b4 40. Rxg3 Qb7
41. cxb4 axb4 42. Qe3 h6 43. a4 Rc2+ 44. Rf2 Rxf2+ 45. Kxf2 Kf8 46. Bf3 Qc6 47.
Qb3 Qc5+ 48. Kg2 Rc8 49. Rxg5 Qc2+ 50. Qxc2 Rxc2+ 51. Kf1 hxg5 52. b3 Kg7 0-1

[Event "XVI Festival Conca della Presolana A"]
[Site "Bratto - Castione della Presolana ITA"]
[Date "1996.08.22"]
[Round "1"]
[White "Everet, Alexandro"]
[Black "Ranieri, Fabrizio"]
[Result "0-1"]
[WhiteElo "2130"]
[BlackElo "2113"]
[PlyCount "82"]
[EventDate "1996.08.22"]

1. e4 e6 2. d4 d5 3. e5 c5 4. c3 Nc6 5. Nf3 Qb6 6. Be2 cxd4 7. cxd4 Nh6 8. O-O
Nf5 9. Be3 Qxb2 10. Nbd2 Nfxd4 11. Bxd4 Nxd4 12. Rb1 Nxe2+ 13. Qxe2 Qa3 14.
Rxb7 Qa4 15. Rb3 Ba6 16. Qd1 Rd8 17. Re1 Be7 18. Qb1 O-O 19. h4 h6 20. Nf1 Bc5
21. Ng3 Bc4 22. Rb2 a5 23. Nh5 Ba3 24. Rb7 Bb4 25. Ng5 hxg5 26. Qc1 Bd3 27.
Qxg5 Bg6 28. Nf6+ gxf6 29. exf6 Bc3 30. Rb3 Qd4 31. Rxc3 Qxc3 32. Rxe6 Kh7 33.
h5 Qc2 34. Re3 Rh8 35. hxg6+ Qxg6 36. Qe5 Rhe8 37. Rh3+ Kg8 38. Qf4 Re4 39. Qc7
Qxf6 40. Qg3+ Qg6 41. f3 Re2 0-1

[Event "XVI Festival Conca della Presolana A"]
[Site "Bratto - Castione della Presolana ITA"]
[Date "1996.08.22"]
[Round "1"]
[White "Eynard, Valdo"]
[Black "Bancod, Ronald"]
[Result "0-1"]
[WhiteElo "1975"]
[BlackElo "2400"]
[PlyCount "68"]
[EventDate "1996.08.22"]

1. e4 c5 2. Nc3 d6 3. g3 Nc6 4. Bg2 g6 5. Nge2 Bg7 6. d3 e5 7. O-O Nge7 8. Be3
O-O 9. Qd2 Be6 10. f4 Nd4 11. Nd1 d5 12. c3 Nxe2+ 13. Qxe2 d4 14. Bd2 Qd7 15.
Nf2 dxc3 16. Bxc3 Nc6 17. Rfc1 Rac8 18. b3 Rfd8 19. h3 Nd4 20. Bxd4 Qxd4 21.
Kh2 b5 22. Qf3 f5 23. Rd1 Rf8 24. Rf1 Rcd8 25. Rad1 a5 26. Qe2 Rde8 27. exf5
exf4 28. Ne4 gxf5 29. Ng5 fxg3+ 30. Kh1 Bd5 31. Bxd5+ Qxd5+ 32. Qf3 Qxf3+ 33.
Nxf3 Re2 34. a4 g2+ 0-1

[Event "XVI Festival Conca della Presolana A"]
[Site "Bratto - Castione della Presolana ITA"]
[Date "1996.08.22"]
[Round "1"]
[White "Genocchio, Daniele"]
[Black "Battaggia, Piergiorgio"]
[Result "1-0"]
[WhiteElo "2131"]
[BlackElo "2130"]
[PlyCount "71"]
[EventDate "1996.08.22"]

1. e4 c5 2. c3 d5 3. exd5 Qxd5 4. d4 Nc6 5. Nf3 cxd4 6. cxd4 e5 7. Nc3 Bb4 8.
Bd2 Bxc3 9. Bxc3 e4 10. Ne5 Nxe5 11. dxe5 Ne7 12. Qa4+ Bd7 13. Qa3 Qe6 14. Rd1
O-O 15. Be2 Bc6 16. h3 Nd5 17. O-O Qg6 18. Qd6 Qg5 19. Rxd5 Rad8 20. Qxd8 Rxd8
21. Rxd8+ Qxd8 22. Rd1 Qc7 23. Bg4 h5 24. Bxh5 Bd7 25. Rd4 Qc6 26. Bd1 Be6 27.
a3 Bd5 28. Bc2 g6 29. Bb1 b5 30. Bc2 Kh7 31. Bd1 a6 32. Kh2 Qe6 33. Rd2 a5 34.
Bg4 Qc6 35. Rd4 e3 36. f4 $139 1-0

[Event "XVI Festival Conca della Presolana A"]
[Site "Bratto - Castione della Presolana ITA"]
[Date "1996.08.22"]
[Round "1"]
[White "Griffa, Roberto"]
[Black "Marinescu, Marian"]
[Result "1/2-1/2"]
[WhiteElo "1917"]
[BlackElo "2130"]
[PlyCount "142"]
[EventDate "1996.08.22"]

1. d4 Nf6 2. Nf3 g6 3. Bf4 Bg7 4. e3 O-O 5. Be2 d6 6. h3 c5 7. O-O Qb6 8. Qc1
Nc6 9. c3 Bf5 10. Nbd2 cxd4 11. exd4 Rac8 12. Nc4 Qd8 13. Qd1 Na5 14. Ne3 Bd7
15. d5 b5 16. Nd2 e5 17. dxe6 Bxe6 18. Bxb5 Qb6 19. Qe2 Rfd8 20. Rfd1 Rb8 21.
a4 Rbc8 22. b4 Nb3 23. Ndc4 Bxc4 24. Nxc4 Rxc4 25. Qxc4 Nxa1 26. Rxa1 Nd7 27.
Rd1 Ne5 28. Qd5 h6 29. Be3 Qc7 30. c4 Rc8 31. Qxd6 Qxd6 32. Rxd6 Nxc4 33. Bxc4
Rxc4 34. Rd8+ Kh7 35. Rd7 Rxb4 36. Rxa7 Rb1+ 37. Kh2 Kg8 38. Ra8+ Kh7 39. Ra7
Kg8 40. Ra8+ Kh7 41. Rc8 Ra1 42. Rc4 Ra2 43. Bd4 Bxd4 44. Rxd4 Rxf2 45. a5 Ra2
46. Rd5 Ra3 47. h4 Kg7 48. Rb5 Kf6 49. h5 gxh5 50. Rxh5 Kg6 51. Rb5 f5 52. Rb6+
Kg5 53. a6 h5 54. Rc6 Ra1 55. Kg3 h4+ 56. Kf2 Kg4 57. Rg6+ Kf4 58. Rh6 Kg5 59.
Rb6 Ra3 60. Kf1 Kf4 61. Rh6 Ke3 62. Kg1 Ra4 63. Kh2 Kf2 64. Rf6 Ra5 65. a7 Rxa7
66. Rxf5+ Ke3 67. Rh5 Ra4 68. Kh3 Kf2 69. Rf5+ Kg1 70. Rh5 Ra3+ 71. Kxh4 Kxg2
1/2-1/2

[Event "XVI Festival Conca della Presolana A"]
[Site "Bratto - Castione della Presolana ITA"]
[Date "1996.08.22"]
[Round "1"]
[White "Hugony, Fabrizio"]
[Black "Alberton, Roberto"]
[Result "0-1"]
[WhiteElo "2270"]
[BlackElo "2075"]
[PlyCount "62"]
[EventDate "1996.08.22"]

1. e4 g6 2. Nc3 Bg7 3. g3 c5 4. Bg2 Nc6 5. d3 d6 6. f4 e6 7. Nf3 Nge7 8. O-O d5
9. e5 h5 10. Nh4 a6 11. Ne2 b5 12. d4 c4 13. Be3 Bd7 14. Bf3 Ng8 15. Qd2 Nh6
16. f5 Nxf5 17. Nxf5 gxf5 18. Nf4 h4 19. Nh5 Rg8 20. Bg5 Qb6 21. c3 hxg3 22.
hxg3 Nxe5 23. Rae1 Nd3 24. Bxd5 Bxd4+ 25. cxd4 Qxd4+ 26. Be3 Rxg3+ 27. Nxg3
Qxd5 28. Rxf5 exf5 29. Bf2+ Be6 30. Rf1 O-O-O 31. Qa5 31... Qc6 $138 0-1

[Event "XVI Festival Conca della Presolana A"]
[Site "Bratto - Castione della Presolana ITA"]
[Date "1996.08.22"]
[Round "1"]
[White "Lagrotteria, Salvatore"]
[Black "Bossi, Alessandro"]
[Result "1-0"]
[WhiteElo "2165"]
[BlackElo "2009"]
[PlyCount "143"]
[EventDate "1996.08.22"]

1. Nf3 Nf6 2. g3 b6 3. Bg2 Bb7 4. O-O c5 5. c4 g6 6. d3 Bg7 7. Nc3 O-O 8. Bd2
Na6 9. a3 Nc7 10. Rb1 d5 11. Ne5 Nd7 12. Ng4 e6 13. Bh6 Bxh6 14. Nxh6+ Kg7 15.
Ng4 Nf6 16. Ne5 Rb8 17. cxd5 Nfxd5 18. Qc1 Nxc3 19. bxc3 Bxg2 20. Kxg2 Qd5+ 21.
Nf3 e5 22. Kg1 Rfe8 23. Rd1 Ne6 24. a4 Rbd8 25. Qb2 Kg8 26. c4 Qd6 27. Qxe5
Qxe5 28. Nxe5 Nd4 29. Ng4 Rxe2 30. Kf1 Ra2 31. Ra1 Rxa1 32. Rxa1 Kg7 33. h4 Nf5
34. Ra3 Re8 35. a5 h5 36. Nh2 Rd8 37. axb6 axb6 38. Nf3 Nd4 39. Ne5 Re8 40. f4
Re7 41. Kf2 f6 42. Nf3 Re2+ 43. Kf1 Re3 44. Nxd4 cxd4 45. Kf2 Kf7 46. Rb3 Ke6
47. Rxb6+ Kf5 48. Rb5+ Kg4 49. Rb6 Rf3+ 50. Ke2 Rxg3 51. Rxf6 Rg2+ 52. Kd1 Kf3
53. Re6 Rg1+ 54. Kc2 Rg2+ 55. Kd1 Rg4 56. c5 Rxf4 57. Rxg6 Rf7 58. Kc2 Rc7 59.
Rg5 Ra7 60. Kb3 Ke2 61. Kc4 Ra4+ 62. Kb5 Ra8 63. c6 Kxd3 64. Rxh5 Ke4 65. Rh7
Ra1 66. c7 Rc1 67. Kb6 d3 68. Rd7 Ke3 69. Kb7 Rb1+ 70. Kc8 Rb4 71. Kd8 Rxh4 72.
Re7+ 1-0

[Event "XVI Festival Conca della Presolana A"]
[Site "Bratto - Castione della Presolana ITA"]
[Date "1996.08.22"]
[Round "1"]
[White "Magalotti, Andrea"]
[Black "Nurkic, Sahbaz"]
[Result "1-0"]
[WhiteElo "2100"]
[BlackElo "2405"]
[PlyCount "91"]
[EventDate "1996.08.22"]

1. e4 g6 2. d4 Bg7 3. Nf3 c6 4. c4 d6 5. Nc3 Nd7 6. Be2 Qc7 7. O-O e5 8. dxe5
dxe5 9. b3 Ngf6 10. Ba3 Bf8 11. Qc1 Nc5 12. Re1 Be7 13. h3 O-O 14. Qe3 b6 15.
Rac1 a5 16. Bb2 Nfd7 17. Bf1 f6 18. g3 a4 19. b4 a3 20. Ba1 Ne6 21. Nd5 cxd5
22. cxd5 Nec5 23. bxc5 Bxc5 24. Qh6 Qd6 25. Bc4 Ba6 26. Nd2 b5 27. Bb3 Rac8 28.
Nf1 Nb6 29. Ne3 Nc4 30. Ng4 Rc7 31. Kg2 Bc8 32. Bxc4 bxc4 33. Rxc4 Ba6 34. Rcc1
Bb7 35. f4 Bd4 36. fxe5 fxe5 37. Bxd4 exd4 38. Rxc7 Qxc7 39. Qd2 h5 40. Nh2 Qb6
41. Nf3 d3 42. Qxd3 Qb2+ 43. Re2 Qb6 44. Qxa3 Ba6 45. Qe3 Qb5 46. Rf2 1-0

[Event "XVI Festival Conca della Presolana A"]
[Site "Bratto - Castione della Presolana ITA"]
[Date "1996.08.22"]
[Round "1"]
[White "Mantovani, Renzo"]
[Black "Di Lazzaro, Gabriele"]
[Result "1-0"]
[WhiteElo "2360"]
[BlackElo "2095"]
[PlyCount "119"]
[EventDate "1996.08.22"]

1. e4 g6 2. d4 Bg7 3. Nf3 d6 4. Bg5 c6 5. c3 Nf6 6. Nbd2 Qc7 7. Bc4 O-O 8. Qc2
Nbd7 9. O-O b5 10. Bb3 Bb7 11. Rfe1 e5 12. dxe5 dxe5 13. c4 Rac8 14. Rac1 Qb8
15. c5 Rfe8 16. h3 Nf8 17. a3 Rcd8 18. Ba2 Bc8 19. b4 Be6 20. Nb3 Qc7 21. Rcd1
Bc4 22. Rxd8 Rxd8 23. Qb2 Ne6 24. h4 h6 25. Bxf6 Bxf6 26. g3 Rd3 27. Kg2 Qd7
28. Nc1 Nf4+ 29. Kg1 Rxf3 30. Bxc4 bxc4 31. gxf4 Bxh4 32. f5 c3 33. Qc2 Rxf2
34. Qxc3 Qe7 35. Kh1 Qg5 36. Qh3 Qd2 37. Nd3 Bg5 38. fxg6 fxg6 39. Nxf2 Qxe1+
40. Kg2 Qd2 41. Qe6+ Kg7 42. Qxe5+ Kg8 43. Qe8+ Kg7 44. Qxc6 Bh4 45. Qb7+ Kf6
46. e5+ Ke6 47. Qc6+ Kf7 48. e6+ Ke7 49. Qb7+ Kd8 50. e7+ Bxe7 51. Qa8+ Kd7 52.
Qxa7+ Ke6 53. Qa6+ Kf7 54. Qc4+ Kf8 55. c6 Qg5+ 56. Kf1 Qf5 57. c7 Qc8 58. b5
Ke8 59. b6 Kd7 60. Qg4+ 1-0

[Event "XVI Festival Conca della Presolana A"]
[Site "Bratto - Castione della Presolana ITA"]
[Date "1996.08.22"]
[Round "1"]
[White "Menoni, Vincenzo"]
[Black "Kojic, Tigran"]
[Result "1-0"]
[WhiteElo "2245"]
[BlackElo "2099"]
[PlyCount "61"]
[EventDate "1996.08.22"]

1. e4 e5 2. f4 exf4 3. Nf3 d6 4. d4 g5 5. h4 g4 6. Ng1 Bh6 7. Nc3 f5 8. Nge2
Nf6 9. Nxf4 fxe4 10. Bc4 Bxf4 11. Bxf4 d5 12. Bb3 c6 13. O-O Qe7 14. Bg5 Rf8
15. Bxd5 cxd5 16. Nxd5 Nxd5 17. Bxe7 Nxe7 18. Rxf8+ Kxf8 19. Qe2 Bf5 20. Rf1
Nd7 21. d5 Ne5 22. d6 Nf3+ 23. gxf3 gxf3 24. dxe7+ Kf7 25. Qc4+ Kxe7 26. Qd5
Kf6 27. Qd6+ Kf7 28. Kf2 Re8 29. Ke3 Bh3 30. Qf4+ Ke7 31. Rd1 1-0

[Event "XVI Festival Conca della Presolana A"]
[Site "Bratto - Castione della Presolana ITA"]
[Date "1996.08.22"]
[Round "1"]
[White "Mione, Dario"]
[Black "Lanzani, Mario"]
[Result "1/2-1/2"]
[WhiteElo "2149"]
[BlackElo "2355"]
[PlyCount "38"]
[EventDate "1996.08.22"]

1. e4 e5 2. Nf3 Nc6 3. Bc4 Be7 4. d4 d6 5. dxe5 dxe5 6. Qxd8+ Bxd8 7. Bb5 Bd7
8. Nc3 Nb4 9. Bxd7+ Kxd7 10. Kd1 f6 11. a3 Na6 12. Be3 c6 13. Ke2 Bb6 14. Rhd1+
Kc7 15. Rd2 Bxe3 16. Kxe3 Ne7 17. Rad1 Rad8 18. Rxd8 Rxd8 19. Rxd8 Kxd8 1/2-1/2

[Event "XVI Festival Conca della Presolana A"]
[Site "Bratto - Castione della Presolana ITA"]
[Date "1996.08.22"]
[Round "1"]
[White "Oppici, Gabriele"]
[Black "Bresciani, Nicola"]
[Result "0-1"]
[WhiteElo "2055"]
[BlackElo "2320"]
[PlyCount "100"]
[EventDate "1996.08.22"]

1. Nc3 c5 2. e4 Nc6 3. g3 g6 4. Bg2 Bg7 5. d3 e6 6. Be3 d6 7. Qd2 Nd4 8. Nd1 e5
9. c3 Nc6 10. Ne2 Nge7 11. Bh6 O-O 12. h4 Bxh6 13. Qxh6 Kh8 14. Qd2 f6 15. Ne3
Be6 16. Nd5 b5 17. O-O Bg4 18. f3 Be6 19. f4 Kg7 20. h5 gxh5 21. f5 Bg8 22. Ne3
Bf7 23. g4 hxg4 24. Nxg4 Ng8 25. Ne3 Kh8 26. Kf2 Nge7 27. Rh1 Rg8 28. Rh4 Rg5
29. Rah1 Bg8 30. Rh6 Qf8 31. Bf3 Qg7 32. Qe1 Nd8 33. Qf1 Nf7 34. R6h2 a5 35.
Qh3 Ra7 36. Ng3 Nd8 37. Nh5 Qf8 38. Ng4 Nxf5 39. exf5 Rxf5 40. Ke2 Ne6 41. Be4
Rxh5 42. Qxh5 Nf4+ 43. Kd2 Nxh5 44. Rxh5 Rg7 45. Bf5 Qf7 46. b3 Rg5 47. Rxg5
fxg5 48. Nh6 Qb7 49. Rg1 Qf3 50. Rg4 Kg7 0-1

[Event "XVI Festival Conca della Presolana A"]
[Site "Bratto - Castione della Presolana ITA"]
[Date "1996.08.22"]
[Round "1"]
[White "Ortega, Lexy"]
[Black "Ceresoli, Luigi"]
[Result "1/2-1/2"]
[WhiteElo "2495"]
[BlackElo "2087"]
[PlyCount "113"]
[EventDate "1996.08.22"]

1. d4 Nf6 2. Nf3 e6 3. Bf4 c5 4. e3 d5 5. Nbd2 Nc6 6. c3 Bd6 7. Bg3 Qc7 8. dxc5
Bxg3 9. hxg3 e5 10. Bb5 O-O 11. Qa4 e4 12. Bxc6 exf3 13. Bb5 fxg2 14. Rg1 Bg4
15. Qd4 Rac8 16. Rxg2 Qxc5 17. Qxc5 Rxc5 18. Bd3 Re8 19. Nb3 Rc7 20. Nd4 a6 21.
Rh2 g6 22. f3 Bd7 23. Kd2 h5 24. a4 Rec8 25. Rh4 Kg7 26. Ne2 Be6 27. Rb4 Rd8
28. Nd4 Rd6 29. a5 Nd7 30. Ra3 Nc5 31. Bc2 Kf6 32. Ra2 Bd7 33. Rb6 Rxb6 34.
axb6 Rc8 35. b4 Ne6 36. Ra5 Nxd4 37. exd4 Bb5 38. Bb3 Ke6 39. Ra1 Rc6 40. Re1+
Kd6 41. f4 Bc4 42. Ba4 Bb5 43. Bxb5 axb5 44. f5 Rxb6 45. fxg6 fxg6 46. Re5 Ra6
47. Kd3 Ra8 48. Rg5 Rg8 49. Kd2 Kc6 50. Re5 Kd6 51. Kd3 Ra8 52. Rg5 Rg8 53. Kd2
Kc6 54. Re5 Kd6 55. Rg5 Ke6 56. Re5+ Kd6 57. Rg5 1/2-1/2

[Event "XVI Festival Conca della Presolana A"]
[Site "Bratto - Castione della Presolana ITA"]
[Date "1996.08.22"]
[Round "1"]
[White "Pagnoncelli, Marco"]
[Black "Drazic, Sinisa"]
[Result "1/2-1/2"]
[WhiteElo "2105"]
[BlackElo "2475"]
[PlyCount "156"]
[EventDate "1996.08.22"]

1. e4 c5 2. Nf3 a6 3. d4 e6 4. Be3 cxd4 5. Nxd4 Nf6 6. Bd3 e5 7. Nb3 d5 8. O-O
dxe4 9. Bc4 Qc7 10. Bd5 Bg4 11. Qd2 Nbd7 12. Nc3 Bb4 13. h3 Bh5 14. g4 Bxc3 15.
bxc3 Nxd5 16. Qxd5 Bg6 17. Na5 O-O 18. Qxb7 Qxa5 19. Qxd7 Qxc3 20. Qd2 Qc8 21.
Rac1 Qc4 22. Qa5 f6 23. a3 h5 24. Qb4 Qe2 25. Bc5 Rfb8 26. Rfe1 Rxb4 27. Rxe2
Rc4 28. Be3 Rac8 29. Rb1 hxg4 30. hxg4 Be8 31. Rb4 Rxb4 32. axb4 Ba4 33. Bc5
Kf7 34. Rxe4 Bxc2 35. Re3 Bd1 36. f3 a5 37. Rd3 Be2 38. Rd7+ Kg6 39. Kf2 Bb5
40. Ra7 a4 41. Kg3 Rd8 42. Ra5 Be8 43. b5 Rd5 44. b6 Bc6 45. Bb4 Rd4 46. Bf8
Rd8 47. Bc5 Rd3 48. Ra7 Bxf3 49. Bf8 Bb7+ 50. Kf2 Rd7 51. Bc5 Kg5 52. Kg3 Kg6
53. Rxa4 Kf7 54. Ra3 Ke6 55. Rc3 g6 56. Bf2 f5 57. gxf5+ gxf5 58. Rc7 Rd3+ 59.
Kh2 Rd2 60. Kg1 Bd5 61. Bc5 Rg2+ 62. Kf1 Rb2 63. Re7+ Kf6 64. Re8 Bc6 65. Rc8
Bb7 66. Rc7 Be4 67. Ke1 Bf3 68. Be7+ Ke6 69. Bd8 e4 70. Re7+ Kd5 71. Bc7 Kc4
72. Re6 Re2+ 73. Kf1 e3 74. b7 Rf2+ 75. Ke1 Re2+ 76. Kf1 Rf2+ 77. Ke1 Re2+ 78.
Kf1 Rf2+ 1/2-1/2

[Event "XVI Festival Conca della Presolana A"]
[Site "Bratto - Castione della Presolana ITA"]
[Date "1996.08.22"]
[Round "1"]
[White "Pegoraro, Nicola"]
[Black "Caruso, Daniele"]
[Result "1-0"]
[WhiteElo "2034"]
[BlackElo "2155"]
[PlyCount "59"]
[EventDate "1996.08.22"]

1. e4 e6 2. d4 d5 3. e5 c5 4. c3 Nc6 5. Be3 Qb6 6. Qd2 Bd7 7. f4 Nh6 8. Nf3 Nf5
9. Bf2 h5 10. Be2 Rc8 11. O-O Na5 12. Na3 cxd4 13. Nxd4 Nxd4 14. Bxd4 Qc7 15.
Nb5 Bxb5 16. Bxb5+ Nc6 17. f5 a6 18. Bxc6+ Qxc6 19. b4 Be7 20. Rf3 Rf8 21. Raf1
Kd7 22. fxe6+ fxe6 23. Rf7 Rxf7 24. Rxf7 Rf8 25. Qf2 Ke8 26. Rxe7+ Kxe7 27.
Bc5+ Kd7 28. Qxf8 Qa4 29. Qd6+ Kc8 30. Qxe6+ 1-0

[Event "XVI Festival Conca della Presolana A"]
[Site "Bratto - Castione della Presolana ITA"]
[Date "1996.08.22"]
[Round "1"]
[White "Piva, Giorgio"]
[Black "Lovati, Paolo"]
[Result "1/2-1/2"]
[WhiteElo "2170"]
[BlackElo "1981"]
[PlyCount "49"]
[EventDate "1996.08.22"]

1. d4 Nf6 2. c4 e6 3. Nf3 d5 4. cxd5 exd5 5. Nc3 c6 6. Bg5 Be7 7. Qc2 O-O 8. e3
Re8 9. Bd3 h6 10. Bh4 Nbd7 11. O-O Nf8 12. Rab1 Ne6 13. b4 Nh5 14. Bxe7 Rxe7
15. b5 c5 16. dxc5 Nxc5 17. Be2 Nf6 18. Rfd1 Nce4 19. Nxe4 Nxe4 20. Qb2 Be6 21.
Rdc1 Rc7 22. Rxc7 Qxc7 23. Rc1 Qb6 24. Nd4 Rc8 25. f3 1/2-1/2

[Event "XVI Festival Conca della Presolana A"]
[Site "Bratto - Castione della Presolana ITA"]
[Date "1996.08.22"]
[Round "1"]
[White "Profumo, Alberto"]
[Black "Castaldo, Folco"]
[Result "1-0"]
[WhiteElo "2163"]
[BlackElo "1987"]
[PlyCount "85"]
[EventDate "1996.08.22"]

1. Nf3 g6 2. g3 Bg7 3. d4 d6 4. Bg2 Nf6 5. O-O O-O 6. c4 Nc6 7. d5 Na5 8. Nbd2
c5 9. a3 b5 10. cxb5 Nxd5 11. Nd4 Bxd4 12. Bxd5 Bb7 13. Bxb7 Nxb7 14. Rb1 Qd7
15. b4 cxb4 16. Rxb4 Bg7 17. Nf3 Nc5 18. Be3 Ne6 19. Qd5 Rfc8 20. Rc1 Rxc1+ 21.
Bxc1 Rc8 22. Be3 Nc5 23. a4 e6 24. Qd1 d5 25. Bd4 f6 26. Bxc5 Rxc5 27. Nd4 Bf8
28. Rb1 Kf7 29. Nc6 Bd6 30. Rc1 a6 31. Rxc5 Bxc5 32. Qc1 Qd6 33. Nd8+ Qxd8 34.
Qxc5 axb5 35. Qxb5 Ke7 36. a5 Kd6 37. a6 Qa8 38. Qb6+ Qc6 39. Qd8+ Ke5 40. Qb8+
Kd4 41. a7 Qc1+ 42. Kg2 Qc2 43. Qb4+ 1-0

[Event "XVI Festival Conca della Presolana A"]
[Site "Bratto - Castione della Presolana ITA"]
[Date "1996.08.22"]
[Round "1"]
[White "Vita, Fabrizio"]
[Black "Dinser, Hans"]
[Result "1/2-1/2"]
[WhiteElo "2013"]
[BlackElo "2165"]
[PlyCount "70"]
[EventDate "1996.08.22"]

1. c4 e5 2. Nc3 Nf6 3. Nf3 Nc6 4. g3 Bb4 5. Bg2 O-O 6. O-O e4 7. Ng5 Bxc3 8.
bxc3 Re8 9. f3 exf3 10. Nxf3 Qe7 11. e3 d5 12. cxd5 Nxd5 13. e4 Nb6 14. d4 Bg4
15. Qb3 Na5 16. Qc2 Bxf3 17. Bxf3 c6 18. Bd2 Nbc4 19. Rf2 Nxd2 20. Qxd2 Nc4 21.
Qe2 Nd6 22. Raf1 Rf8 23. c4 Rae8 24. Re1 Rd8 25. a4 Ne8 26. Qd3 Qd6 27. Rd1 Qb4
28. Ra2 Qe7 29. a5 Nc7 30. Rb2 Na6 31. Qb3 Rb8 32. c5 h5 33. Rf2 g6 34. e5 Nc7
35. Be4 Kg7 1/2-1/2

[Event "XVI Festival Conca della Presolana A"]
[Site "Bratto - Castione della Presolana ITA"]
[Date "1996.08.23"]
[Round "2"]
[White "Alberton, Roberto"]
[Black "Menoni, Vincenzo"]
[Result "1-0"]
[WhiteElo "2075"]
[BlackElo "2245"]
[PlyCount "125"]
[EventDate "1996.08.22"]

1. Nf3 Nf6 2. d4 g6 3. g3 Bg7 4. Bg2 O-O 5. O-O d6 6. c4 Nbd7 7. Nc3 e5 8. b3
exd4 9. Nxd4 Re8 10. Bb2 a6 11. h3 Rb8 12. Rb1 Ne5 13. Nd5 Nh5 14. e3 c5 15.
Nc2 b5 16. g4 Nf6 17. Nxf6+ Bxf6 18. f4 Nd7 19. Bxf6 Nxf6 20. g5 Ne4 21. Qd3
Bf5 22. Rbd1 Nf2 23. Qd2 Nxd1 24. Rxd1 bxc4 25. Na3 cxb3 26. axb3 Rxb3 27. Nc4
Rd3 28. Qe2 Rxd1+ 29. Qxd1 Qd7 30. Nb6 Qe6 31. Nd5 Rb8 32. Nf6+ Kg7 33. e4 Qc4
34. Qxd6 Qd4+ 35. Qxd4 cxd4 36. exf5 gxf5 37. Bd5 d3 38. Kf2 Rb2+ 39. Ke3 d2
40. Ke2 a5 41. Bc6 h6 42. h4 hxg5 43. hxg5 Kg6 44. Nd5 Kh5 45. Ne3 Kh4 46. Bd5
Kg3 47. Nd1 Rb8 48. Bxf7 Kxf4 49. g6 Rh8 50. g7 Rh2+ 51. Kd3 Rg2 52. g8=Q Rxg8
53. Bxg8 a4 54. Kxd2 Kg3 55. Ke3 f4+ 56. Ke2 a3 57. Bd5 Kg4 58. Nf2+ Kf5 59.
Nd3 Kg4 60. Kf2 Kg5 61. Kf3 Kf5 62. Nxf4 Ke5 63. Ke3 1-0

[Event "XVI Festival Conca della Presolana A"]
[Site "Bratto - Castione della Presolana ITA"]
[Date "1996.08.23"]
[Round "2"]
[White "Bancod, Ronald"]
[Black "Campini, Marco"]
[Result "1-0"]
[WhiteElo "2400"]
[BlackElo "2123"]
[PlyCount "105"]
[EventDate "1996.08.22"]

1. e4 c5 2. Nf3 d6 3. Bb5+ Bd7 4. Bxd7+ Qxd7 5. O-O Nc6 6. c3 e6 7. Na3 Nf6 8.
Qe2 Be7 9. d4 cxd4 10. cxd4 d5 11. e5 Ne4 12. Nc2 O-O 13. Nfe1 f5 14. Nd3 Ng5
15. Bd2 Rac8 16. Rfc1 Ne4 17. Be3 Na5 18. f3 Ng5 19. b3 Nc6 20. Kh1 Nf7 21. f4
Kh8 22. Nc5 Bxc5 23. dxc5 a6 24. Rd1 Qe7 25. b4 Nfd8 26. a4 g5 27. fxg5 f4 28.
Bg1 Qxg5 29. b5 Na5 30. Nd4 Nc4 31. Nf3 Qh6 32. Rac1 axb5 33. axb5 Ne3 34. Bxe3
fxe3 35. Rd3 Rf7 36. Qxe3 Qg6 37. Rd4 Rg7 38. g3 Qe8 39. Rf4 Nf7 40. Nd4 Ng5
41. Rf6 Ne4 42. Nxe6 Rg8 43. Qh6 Qe7 44. Rcf1 Nxf6 45. Qxf6+ Qxf6 46. exf6 Rge8
47. f7 Rxe6 48. f8=Q+ Rxf8 49. Rxf8+ Kg7 50. Rd8 Kf6 51. Rxd5 Re1+ 52. Kg2 Rb1
53. Rd6+ 1-0

[Event "XVI Festival Conca della Presolana A"]
[Site "Bratto - Castione della Presolana ITA"]
[Date "1996.08.23"]
[Round "2"]
[White "Battaggia, Piergiorgio"]
[Black "Bossi, Alessandro"]
[Result "1/2-1/2"]
[WhiteElo "2130"]
[BlackElo "2009"]
[PlyCount "60"]
[EventDate "1996.08.22"]

1. d4 Nf6 2. c4 e6 3. Nc3 Bb4 4. Nf3 b6 5. Bg5 Bxc3+ 6. bxc3 Bb7 7. e3 d6 8.
Bd3 Nbd7 9. Qc2 h6 10. Bh4 e5 11. e4 Qe7 12. O-O g5 13. Bg3 Nh5 14. Rfe1 Nf4
15. Bf1 a5 16. a4 O-O-O 17. Nd2 h5 18. f3 g4 19. fxg4 hxg4 20. Nb3 f5 21. exf5
Qh7 22. d5 Nf6 23. Bd3 Ba6 24. Bf1 Rdf8 25. c5 Bxf1 26. Rxf1 dxc5 27. Rae1 N6h5
28. Bh4 Rxf5 29. Qe4 Nf6 30. Bxf6 Ne2+ 1/2-1/2

[Event "XVI Festival Conca della Presolana A"]
[Site "Bratto - Castione della Presolana ITA"]
[Date "1996.08.23"]
[Round "2"]
[White "Caruso, Daniele"]
[Black "Gandolfo, Marco"]
[Result "1-0"]
[WhiteElo "2155"]
[BlackElo "1973"]
[PlyCount "75"]
[EventDate "1996.08.22"]

1. e4 g6 2. Nf3 c6 3. d4 d5 4. exd5 cxd5 5. Bd3 Bg7 6. c3 Nf6 7. O-O O-O 8. Ne5
Bf5 9. Bxf5 gxf5 10. Nd2 Nc6 11. Ndf3 e6 12. Bg5 Qc7 13. Qc1 Ne4 14. Bh6 Qe7
15. Bxg7 Kxg7 16. Nd3 Rac8 17. Qf4 h6 18. Rae1 Kh7 19. Kh1 Qf6 20. Rg1 Rg8 21.
g4 Ne7 22. Nfe5 Ng6 23. Nxg6 fxg6 24. gxf5 exf5 25. f3 Ng5 26. Kg2 Ne6 27. Qe5
Qxe5 28. Rxe5 Nc7 29. Nf4 Rcd8 30. Rge1 Rg7 31. h4 Rdd7 32. Kf2 Rgf7 33. h5 g5
34. Ng6 f4 35. R1e2 Rd6 36. Re7 Rd7 37. Rxd7 Rxd7 38. Nf8+ 1-0